| 000 | 00702cam a22002293a 4500 | ||
|---|---|---|---|
| 001 | 32786 | ||
| 003 | PGUSA | ||
| 005 | 20140828083717.0 | ||
| 008 | 100612s2010||||xxu|||||s|||||000 | eng d | ||
| 040 |
_aPGUSA _beng |
||
| 042 | _adc | ||
| 050 | 4 | _aPQ | |
| 100 | 1 |
_aLeland, Charles Godfrey, _d1824-1903 |
|
| 245 | 1 | 0 |
_aLegends of Florence : _bCollected from the People, First Series _h[electronic resource] / _cCharles Godfrey Leland |
| 260 |
_bProject Gutenberg, _c2010 |
||
| 506 | _aPublic domain in the USA. | ||
| 516 | _aElectronic text | ||
| 653 | _aFolk literature, Italian -- Florence | ||
| 830 | 0 |
_aProject Gutenberg _v32786 |
|
| 856 | 4 | 0 | _uhttp://www.gutenberg.org/ebooks/32786 |
| 942 | _cEB | ||
| 999 |
_c262041 _d262041 |
||